Plánovanie, riadenie a controlling personálnych nákladov diplomová práca

Gespeichert in:
Bibliographische Detailangaben
1. Verfasser: Jakubíková-Slárčiková, Darina
Körperschaft: Fakulta podnikového manažmentu EU. Katedra podnikových financií
Weitere Verfasser: Mihál, Pavol
Format: Buch
Sprache:Slowakisch
Veröffentlicht: Bratislava 2008
Tags: Tag hinzufügen
Keine Tags, Fügen Sie das erste Tag hinzu!

MARC

LEADER 00000nam$a2200000$$$4500
001 0088780
005 20240201115939.4
041 0 |a slo 
044 |a SK 
245 1 0 |a Plánovanie, riadenie a controlling personálnych nákladov  |b diplomová práca  |c Darina Jakubíková-Slárčiková ; škol. Pavol Mihál 
264 1 |a Bratislava  |c 2008 
300 |a 66 s. 
100 1 |a Jakubíková-Slárčiková, Darina 
700 1 |a Mihál, Pavol 
710 2 |a Fakulta podnikového manažmentu EU. Katedra podnikových financií